000 00889namaa2200289 a 4500
001 vtls001304891
003 NLI
005 20210627043905.0
008 120418s1981 dcu i000 0 eng
039 9 _y201204181935
_zVLOAD
040 0 _aNLI
_cVTLS-2012_FOD
_eAACR2
041 0 _aeng
044 _adcu
082 0 4 _a338.20973
110 1 _aUnited States.
_bDepartment of Commerce.
_bBureau of the Census
_9676804
245 1 0 _a1977 census of mineral industries :
_btype of operation
260 _aWashington, D.C. :
_bUnited States Government Printing Office,
_c1981
300 _aVarious pagings ;
_c30 cm.
500 _aCover title
650 0 _aReal estate development
650 0 _aConstruction industry
887 _a
901 _aAD 144784
_b12.11.2010
902 _aU.S 338.20973 Un 3 c
949 _AVIRTUAITEM
_D10000
_X100
_6ADX000144784ENG
942 _2ddc
_cBKS
999 _c596208
_d596208